00973nam a2200265 i 4500001000700000003000900007005001700016007000300033008004100036020001800077080002100095100004700116240001700163245012000180250001200300260003500312300002900347490004200376700003800418700003800456830005000494852002200544999001900566952012200585132105ES-MaACL20251116063107.0t|070214s1981 sp |||| | spa d a84-320-3844-X a821.134.2-21"15"1 aRojas, Fernando de, dca. 1470-154199904213aLa Celestina13aLa Celestina / cFernando de Rojas ; introducción de Juan Alcina ; edición y notas de Humberto López Morales. a2ª ed. aBarcelona : bPlaneta, c1981. aXXXIX, 249 p. ; c18 cm.1 aClásicos universales Planeta ; v131 aAlcina, Juan, d1917-199891603131 aLópez Morales, Humberto.9737981 aClásicos universales Planeta ; v139178015 aES-MaACLjL-11306 c132105d132105 00104070aATENEOMbATENEOMcDEPO2d2008-01-17eSCl0oL-11306p1137537r2023-02-23 00:00:00w2023-02-23yMONOGRAFIA